000 00648nam a2200229Ia 4500
003 OSt
005 20230324115752.0
008 210423s2005 xx 000 0 und d
020 _a761943293
040 _cAL
041 _aeng
082 _a070
_223
_bPAPS
100 _aPAPE (Susan);FEATHERSTONE (Sue)
_977356
245 _aNewspaper journalism: a practical introduction
260 _aNew Delhi
_bSahitya Bhawan Publications
_c2005
300 _avi,222
_bPB
365 _b1868
_cINR
650 _aGeneral
_977357
650 _aJournalism & Media
_977358
906 _aintroduction. ; journalism: ; Newspaper ; practical
942 _2ddc
_cBK
999 _c155790
_d155790